<?xml version="1.0" encoding="UTF-8"?><?xml-stylesheet type="text/xsl" href="static/style.xsl"?><OAI-PMH xmlns="http://www.openarchives.org/OAI/2.0/" xmlns:xsi="http://www.w3.org/2001/XMLSchema-instance" xsi:schemaLocation="http://www.openarchives.org/OAI/2.0/ http://www.openarchives.org/OAI/2.0/OAI-PMH.xsd"><responseDate>2026-04-18T02:25:33Z</responseDate><request verb="GetRecord" identifier="oai:riubu.ubu.es:10259/7544" metadataPrefix="marc">https://riubu.ubu.es/oai/request</request><GetRecord><record><header><identifier>oai:riubu.ubu.es:10259/7544</identifier><datestamp>2023-03-15T01:05:22Z</datestamp><setSpec>com_10259_4141</setSpec><setSpec>com_10259_5086</setSpec><setSpec>com_10259_2604</setSpec><setSpec>col_10259_4142</setSpec></header><metadata><record xmlns="http://www.loc.gov/MARC21/slim" xmlns:doc="http://www.lyncode.com/xoai" xmlns:xsi="http://www.w3.org/2001/XMLSchema-instance" xmlns:dcterms="http://purl.org/dc/terms/" xsi:schemaLocation="http://www.loc.gov/MARC21/slim http://www.loc.gov/standards/marcxml/schema/MARC21slim.xsd">
<leader>00925njm 22002777a 4500</leader>
<datafield tag="042" ind1=" " ind2=" ">
<subfield code="a">dc</subfield>
</datafield>
<datafield tag="720" ind1=" " ind2=" ">
<subfield code="a">Cubo Delgado, Esther</subfield>
<subfield code="e">author</subfield>
</datafield>
<datafield tag="720" ind1=" " ind2=" ">
<subfield code="a">Delgado López, Pedro David</subfield>
<subfield code="e">author</subfield>
</datafield>
<datafield tag="260" ind1=" " ind2=" ">
<subfield code="c">2022-12</subfield>
</datafield>
<datafield tag="520" ind1=" " ind2=" ">
<subfield code="a">As the global population grows, there is an increasing demand for neurologic&#xd;
consultation that prompts new ways to reach more patients. Telemedicine can provide an accessible, cost-effective, and high-quality healthcare services. In this article, we highlight&#xd;
recent developments, achievements, and challenges regarding outcomes, clinical care, tele-education,&#xd;
teletreatment, teleresearch, and cybersecurity for telemedicine applied to Parkinson´s disease (PD)&#xd;
and other neurological conditions.</subfield>
</datafield>
<datafield tag="024" ind2=" " ind1="8">
<subfield code="a">http://hdl.handle.net/10259/7544</subfield>
</datafield>
<datafield tag="024" ind2=" " ind1="8">
<subfield code="a">10.3390/brainsci12121735</subfield>
</datafield>
<datafield tag="024" ind2=" " ind1="8">
<subfield code="a">2076-3425</subfield>
</datafield>
<datafield ind1=" " ind2=" " tag="653">
<subfield code="a">Telemedicine</subfield>
</datafield>
<datafield ind1=" " ind2=" " tag="653">
<subfield code="a">Teleneurology</subfield>
</datafield>
<datafield ind1=" " ind2=" " tag="653">
<subfield code="a">Telecare</subfield>
</datafield>
<datafield ind1=" " ind2=" " tag="653">
<subfield code="a">Movement disorders</subfield>
</datafield>
<datafield ind1=" " ind2=" " tag="653">
<subfield code="a">Tele-education</subfield>
</datafield>
<datafield ind1=" " ind2=" " tag="653">
<subfield code="a">New technology</subfield>
</datafield>
<datafield tag="245" ind1="0" ind2="0">
<subfield code="a">Telemedicine in the Management of Parkinson’s Disease: Achievements, Challenges, and Future Perspectives</subfield>
</datafield>
</record></metadata></record></GetRecord></OAI-PMH>